[Event "?"]
[Site "?"]
[Date "2014.04.15"]
[Round "2.13"]
[White "Rausch, Wolfgang jr"]
[Black "Schlötterer, Hermann"]
[Result "1-0"]
[WhiteElo "2149"]
[BlackElo "1944"]
[PlyCount "79"]
[EventDate "2014.??.??"]
[WhiteTeam "SV Lauf a.d.P."]
[BlackTeam "Spvg Zabo-Eintracht Nürnberg e.V"]

1. e4 Nf6 2. Nc3 d5 3. e5 d4 4. Nce2 Ng4 5. f4 Nh6 6. Nf3 c5 7. b4 b6 8. bxc5
bxc5 9. Ng3 e6 10. Bd3 Be7 11. Qe2 Nc6 12. Rb1 O-O 13. Qe4 Nf5 14. Nxf5 exf5
15. Qxc6 Be6 16. Qa6 Rc8 17. Bc4 Bd5 18. Bxd5 Qxd5 19. d3 c4 20. O-O cxd3 21.
cxd3 Rc2 22. Rf2 Rxf2 23. Kxf2 Qc5 24. Qc4 Qa5 25. Bd2 Qa3 26. Bb4 Bxb4 27.
Rxb4 Qa5 28. Rb7 h6 29. Kg3 g5 30. h3 Qd8 31. e6 Qd6 32. exf7+ Kh7 33. Qxd4 Qg6
34. fxg5 hxg5 35. Qd5 Kh6 36. Rd7 Kh5 37. Ne5 Qb6 38. Qf3+ Kh6 39. Qxf5 Qe3+
40. Kh2 1-0

[Event "?"]
[Site "?"]
[Date "2014.04.15"]
[Round "2.14"]
[White "Korth, Manfred"]
[Black "Vogiatzis, Dimitrios"]
[Result "0-1"]
[WhiteElo "1904"]
[BlackElo "2107"]
[PlyCount "54"]
[EventDate "2014.??.??"]
[WhiteTeam "SC Heideck-Hilpoltstein"]
[BlackTeam "SC Noris-Tarrasch Nürnberg 1873"]

1. Nf3 d5 2. d4 e6 3. Bf4 f5 4. e3 Nf6 5. h3 Be7 6. Nbd2 O-O 7. Bd3 Ne4 8. g4
c6 9. c3 a5 10. a4 Bd7 11. Qe2 Be8 12. Nf1 Nd7 13. Rg1 c5 14. Bxe4 fxe4 15. Ne5
cxd4 16. cxd4 Bb4+ 17. Nd2 Nxe5 18. Bxe5 Rc8 19. Kd1 b5 20. Nb3 bxa4 21. Nc5
Bxc5 22. dxc5 Rxc5 23. Qa6 Rc6 24. Qa7 Rf7 25. Qd4 Rxf2 26. Bxg7 Qg5 27. Be5
Rc4 0-1

[Event "?"]
[Site "?"]
[Date "2014.04.15"]
[Round "2.15"]
[White "Hirn, Erwin"]
[Black "Friedrich, Michael"]
[Result "1-0"]
[WhiteElo "2165"]
[BlackElo "1656"]
[PlyCount "20"]
[EventDate "2014.??.??"]
[WhiteTeam "SW Nürnberg Süd e.V."]
[BlackTeam "SC Erlangen 48/88 e.V."]

1. d4 g6 2. e4 Bg7 3. Be3 d6 4. Nc3 c5 5. dxc5 Qa5 6. cxd6 Bxc3+ 7. bxc3 Qxc3+
8. Bd2 Qe5 9. Bd3 Qxd6 10. Bc3 e5 1-0

[Event "?"]
[Site "?"]
[Date "2014.04.16"]
[Round "3.1"]
[White "Wagner, Florian"]
[Black "Miller, Eduard"]
[Result "1-0"]
[WhiteElo "2189"]
[BlackElo "2094"]
[PlyCount "65"]
[EventDate "2014.??.??"]
[WhiteTeam "SC Noris-Tarrasch Nürnberg 1873"]
[BlackTeam "SC Erlangen 48/88 e.V."]

1. c4 Nf6 2. Nc3 e5 3. g3 Bb4 4. Bg2 O-O 5. Nf3 Re8 6. O-O e4 7. Ne1 Bxc3 8.
bxc3 Nc6 9. f3 exf3 10. Nxf3 Qe7 11. e3 d6 12. Qc2 Bg4 13. Rb1 Rab8 14. Nd4
Nxd4 15. cxd4 c6 16. d3 d5 17. Bd2 Bh5 18. cxd5 cxd5 19. Rxf6 Qxf6 20. Bxd5
Rbc8 21. Qb3 Bf3 22. Bc4 h5 23. Rf1 Rc7 24. d5 a6 25. a4 Rd7 26. Bc3 Qf5 27. e4
Qg4 28. Qb6 Bxe4 29. dxe4 Rxe4 30. Bd3 Rxa4 31. Bf5 Qe2 32. Bxd7 Ra2 33. Qf2
1-0

[Event "?"]
[Site "?"]
[Date "2014.04.16"]
[Round "3.2"]
[White "Seibold, Hubert"]
[Black "Kotz, Reinhard"]
[Result "1/2-1/2"]
[WhiteElo "2163"]
[BlackElo "2180"]
[PlyCount "25"]
[EventDate "2014.??.??"]
[WhiteTeam "SK Zirndorf e.V."]
[BlackTeam "SV Puschendorf 1949 e.V."]

1. d4 Nf6 2. Nf3 g6 3. g3 c5 4. Bg2 Bg7 5. O-O cxd4 6. Nxd4 Nc6 7. c4 O-O 8.
Nc3 Nxd4 9. Qxd4 d6 10. Qd3 Rb8 11. e4 a6 12. a4 Be6 13. Nd5 1/2-1/2

[Event "?"]
[Site "?"]
[Date "2014.04.16"]
[Round "3.3"]
[White "Ederer, Rene"]
[Black "Willim, Michael"]
[Result "1-0"]
[WhiteElo "2116"]
[BlackElo "2141"]
[PlyCount "149"]
[EventDate "2014.??.??"]
[WhiteTeam "SC Noris-Tarrasch Nürnberg 1873"]
[BlackTeam "SC Erlangen 48/88 e.V."]

1. d4 g6 2. e4 Bg7 3. c3 d6 4. f4 a6 5. Nf3 Nd7 6. Bc4 e6 7. O-O Ne7 8. Bb3 O-O
9. Be3 b6 10. Nbd2 Bb7 11. Bf2 Nf6 12. Qe2 Nh5 13. Be3 Nf6 14. Bf2 Nh5 15. g3
a5 16. Bc2 Ba6 17. Bd3 Bxd3 18. Qxd3 d5 19. e5 Qc8 20. Be3 Bh8 21. g4 Ng7 22.
Bf2 Ne8 23. Bh4 f6 24. Rae1 Rf7 25. h3 f5 26. Bxe7 Rxe7 27. Kf2 Rf7 28. Ke3 Bg7
29. Rg1 Bh6 30. g5 Bf8 31. h4 Ng7 32. Nf1 c5 33. Ng3 cxd4+ 34. Nxd4 Bc5 35. Rh1
Rc7 36. h5 Bxd4+ 37. cxd4 Rc2 38. hxg6 hxg6 39. Re2 Rc1 40. Rhh2 Qc4 41. Qxc4
Rxc4 42. Rc2 Rac8 43. Kd3 Rxc2 44. Rxc2 Rxc2 45. Kxc2 Kf7 46. Kd3 Ke7 47. Ne2
Kd7 48. Nc3 Nh5 49. Ne2 Kc6 50. a4 b5 51. b3 bxa4 52. bxa4 Kb6 53. Ke3 Kc6 54.
Ng1 Kd7 55. Nf3 Ke7 56. Nd2 Ng3 57. Nb3 Ne4 58. Kd3 Nf2+ 59. Kc2 Nh3 60. Nxa5
Nxf4 61. Nb7 Ne2 62. Kd3 Nc1+ 63. Ke3 Na2 64. Nc5 Nb4 65. a5 Nc6 66. a6 Na7 67.
Nd3 Nc6 68. Nf4 Kd7 69. Nxg6 Kc7 70. Nf8 Kb6 71. g6 Ne7 72. g7 Kxa6 73. Nxe6
Kb5 74. Nf4 Kc6 75. Nh5 1-0

[Event "?"]
[Site "?"]
[Date "2014.04.16"]
[Round "3.4"]
[White "Reis, Gerhard"]
[Black "Saathoff, Richard"]
[Result "1/2-1/2"]
[WhiteElo "2202"]
[BlackElo "2139"]
[PlyCount "116"]
[EventDate "2014.??.??"]
[WhiteTeam "SW Nürnberg Süd e.V."]
[BlackTeam "SW Nürnberg Süd e.V."]

1. d4 Nf6 2. g3 c5 3. Nf3 cxd4 4. Nxd4 d5 5. Bg2 e5 6. Nb3 Nc6 7. O-O h6 8. Nc3
Be6 9. e4 d4 10. Ne2 Bxb3 11. axb3 Bc5 12. Qd3 Qb6 13. Bd2 O-O 14. Bh3 Rad8 15.
Rae1 Bb4 16. Nc1 Rd6 17. Kh1 Rfd8 18. f4 Re8 19. f5 Rc8 20. Re2 Bxd2 21. Rxd2
Nb4 22. Qe2 Rdc6 23. Nd3 Nxd3 24. Qxd3 Rc5 25. Rff2 Qc6 26. Rde2 a5 27. g4 Ra8
28. Rg2 Nh7 29. Rg1 Rc8 30. g5 Nxg5 31. f6 Rc7 32. fxg7 Rxc2 33. Bf5 Rxe2 34.
Qxe2 Qc2 35. Qxc2 Rxc2 36. h4 f6 37. hxg5 fxg5 38. Ra1 b6 39. b4 d3 40. bxa5 d2
41. Rd1 bxa5 42. b3 Kxg7 43. Kg2 h5 44. Kf2 g4 45. Kg3 Kh6 46. Kh4 Rc3 47. Bxg4
hxg4 48. Rxd2 g3 49. Rd6+ Kg7 50. Kh3 Kf7 51. Rb6 Re3 52. Rb5 Ke6 53. Kg2 Rxe4
54. Kxg3 Kf5 55. Rxa5 Re3+ 56. Kf2 Rxb3 57. Ra4 e4 58. Ra8 Kf4 1/2-1/2

[Event "?"]
[Site "?"]
[Date "2014.04.16"]
[Round "3.5"]
[White "Meulner, Klaus"]
[Black "Just, Hannes"]
[Result "1/2-1/2"]
[WhiteElo "2123"]
[BlackElo "2137"]
[PlyCount "32"]
[EventDate "2014.??.??"]
[WhiteTeam "SW Nürnberg Süd e.V."]
[BlackTeam "SW Nürnberg Süd e.V."]

1. d4 d5 2. c4 e6 3. Nc3 Be7 4. cxd5 exd5 5. Bf4 c6 6. Qc2 g6 7. e3 Bf5 8. Qd2
h5 9. f3 Nf6 10. Bd3 Bxd3 11. Qxd3 Nbd7 12. Nge2 h4 13. O-O Rg8 14. h3 Nh5 15.
Bh2 Ndf6 16. Rab1 Bd6 1/2-1/2

[Event "?"]
[Site "?"]
[Date "2014.04.16"]
[Round "3.6"]
[White "Rausch, Wolfgang jr"]
[Black "Hirn, Oskar"]
[Result "1/2-1/2"]
[WhiteElo "2149"]
[BlackElo "2229"]
[PlyCount "73"]
[EventDate "2014.??.??"]
[WhiteTeam "SV Lauf a.d.P."]
[BlackTeam "SC Noris-Tarrasch Nürnberg 1873"]

1. d4 Nf6 2. Bg5 c5 3. d5 Ne4 4. Bc1 e5 5. Nf3 d6 6. Nbd2 Nxd2 7. Nxd2 Be7 8.
a4 O-O 9. e4 f5 10. Bd3 g6 11. Nc4 Kh8 12. Bd2 Nd7 13. O-O Nf6 14. f3 b6 15.
Qe2 f4 16. g4 fxg3 17. hxg3 Nh5 18. Qh2 Ba6 19. Nxe5 dxe5 20. Bxa6 Qc7 21. Be2
Bd6 22. c4 Rf7 23. Rf2 Kg7 24. Qh3 Raf8 25. Raf1 Qe7 26. Rh2 Kh8 27. b3 a5 28.
Qg4 Rg8 29. Bg5 Qc7 30. Rff2 Rgf8 31. Bf1 Re8 32. Bh3 Be7 33. Qh4 Ref8 34. Be6
Bxg5 35. Qxg5 Rf6 36. Bg4 Ng7 37. Qh6 1/2-1/2

[Event "?"]
[Site "?"]
[Date "2014.04.16"]
[Round "3.7"]
[White "Zühlke, Burkhard"]
[Black "Hirn, Erwin"]
[Result "1/2-1/2"]
[WhiteElo "2087"]
[BlackElo "2165"]
[PlyCount "93"]
[EventDate "2014.??.??"]
[WhiteTeam "SK Zirndorf e.V."]
[BlackTeam "SW Nürnberg Süd e.V."]

1. d4 d5 2. c4 e6 3. Nc3 Nf6 4. Bg5 Be7 5. Nf3 O-O 6. e3 Nbd7 7. Qc2 Re8 8. Rd1
b6 9. Be2 Bb7 10. O-O Rc8 11. Ne5 Ne4 12. Bxe7 Qxe7 13. Nxd7 Nxc3 14. Qxc3 Qxd7
15. c5 c6 16. b4 b5 17. Bd3 Rcd8 18. f4 f5 19. g4 g6 20. Kh1 Kf7 21. Rg1 Rg8
22. Rg3 Ra8 23. Rdg1 h5 24. gxh5 gxh5 25. Be2 Rxg3 26. Bxh5+ Kf6 27. Rxg3 Qh7
28. Bf3 Rh8 29. Qd2 Bc8 30. Rg5 Qh4 31. Rg2 Bd7 32. Qf2 Qxf2 33. Rxf2 Ra8 34.
Bh5 a5 35. bxa5 Rxa5 36. Kg2 Ra8 37. h3 Ra3 38. Re2 Ra8 39. Bf3 Ra3 40. h4 Be8
41. Kf2 Kg6 42. Rb2 Kh6 43. Bd1 Bh5 44. Bxh5 Kxh5 45. Kf3 Ra8 46. Rg2 Kh6 47.
h5 1/2-1/2

[Event "?"]
[Site "?"]
[Date "2014.04.16"]
[Round "3.8"]
[White "Walter, Thomas"]
[Black "Zhao, Kevin"]
[Result "1/2-1/2"]
[WhiteElo "2128"]
[BlackElo "1867"]
[PlyCount "119"]
[EventDate "2014.??.??"]
[WhiteTeam "SC Erlangen 48/88 e.V."]
[BlackTeam "SC Erlangen 48/88 e.V."]

1. e4 e6 2. b3 d5 3. Bb2 c5 4. exd5 exd5 5. Nf3 Nc6 6. Bb5 a6 7. Bxc6+ bxc6 8.
O-O Nf6 9. Re1+ Be7 10. Bxf6 gxf6 11. Nh4 O-O 12. Qh5 Kh8 13. Nc3 Be6 14. Na4
Rg8 15. Qf3 Rb8 16. Nf5 Bf8 17. h4 Rb4 18. c3 Rbg4 19. g3 Bxf5 20. Qxf5 Qd6 21.
Re3 Rf4 22. Qh5 Rg6 23. Re8 Rfg4 24. Kf1 Kg7 25. Re3 Qd7 26. Rf3 Re4 27. Qf5
Qe6 28. Qxe6 fxe6 29. Re3 Rxe3 30. dxe3 e5 31. e4 Kf7 32. exd5 cxd5 33. Nb6 d4
34. cxd4 cxd4 35. Rc1 f5 36. Rc7+ Be7 37. Nd5 Re6 38. Ra7 d3 39. Ke1 e4 40. b4
Re5 41. Rxe7+ Rxe7 42. Nxe7 Kxe7 43. h5 Ke6 44. Kd2 Ke5 45. Kc3 Kd5 46. f3 exf3
47. Kxd3 f2 48. Ke2 f1=Q+ 49. Kxf1 Kc4 50. Kf2 Kxb4 51. Kf3 Ka3 52. Kf4 Kxa2
53. Kxf5 Kb1 54. g4 a5 55. g5 a4 56. g6 hxg6+ 57. hxg6 a3 58. g7 a2 59. g8=Q
a1=Q 60. Qg1+ 1/2-1/2

[Event "?"]
[Site "?"]
[Date "2014.04.16"]
[Round "3.9"]
[White "Surinya, Tibor"]
[Black "Wittmann, Helmut"]
[Result "1/2-1/2"]
[WhiteElo "2063"]
[BlackElo "2105"]
[PlyCount "96"]
[EventDate "2014.??.??"]
[WhiteTeam "SC Noris-Tarrasch Nürnberg 1873"]
[BlackTeam "BSG Wöhrlhaus Erlangen"]

1. d4 Nf6 2. Nf3 e6 3. c4 Bb4+ 4. Bd2 Qe7 5. g3 Nc6 6. Nc3 d5 7. a3 Bxc3 8.
Bxc3 O-O 9. Bg2 a5 10. O-O Ne4 11. Ne5 Nxe5 12. dxe5 Nxc3 13. bxc3 Rd8 14. Qb3
a4 15. Qa2 Ra5 16. Rfd1 dxc4 17. Qxc4 Rxe5 18. Qxa4 b6 19. Rxd8+ Qxd8 20. Rd1
Qf8 21. Qd4 Rc5 22. Qd8 Ba6 23. Be4 f5 24. Qh4 Qf6 25. Qxf6 gxf6 26. Rd8+ Kf7
27. Bf3 Bb5 28. Rd1 Rxc3 29. Ra1 e5 30. a4 Bc4 31. a5 bxa5 32. Rxa5 Rc1+ 33.
Kg2 Be6 34. e4 fxe4 35. Bxe4 f5 36. Bb7 e4 37. g4 fxg4 38. Bxe4 h6 39. Rh5 Rc4
40. f3 gxf3+ 41. Kxf3 Rc3+ 42. Kf4 Kg7 43. Re5 Bf7 44. Ra5 c5 45. Ke5 c4 46.
Bd5 Re3+ 47. Kd4 Rh3 48. Ra7 Rd3+ 1/2-1/2

[Event "?"]
[Site "?"]
[Date "2014.04.16"]
[Round "3.10"]
[White "Erlbeck, Peter"]
[Black "Tong, Kevin"]
[Result "1-0"]
[WhiteElo "2091"]
[BlackElo "1699"]
[PlyCount "91"]
[EventDate "2014.??.??"]
[WhiteTeam "SW Nürnberg Süd e.V."]
[BlackTeam "SC Erlangen 48/88 e.V."]

1. e4 c5 2. Nc3 Nc6 3. f4 g6 4. Nf3 Bg7 5. Bc4 e6 6. f5 Nge7 7. fxe6 fxe6 8. d3
O-O 9. O-O Nd4 10. Bg5 a6 11. Qd2 b5 12. Bb3 Bb7 13. Nxd4 cxd4 14. Ne2 Rc8 15.
Nf4 Kh8 16. Rf3 Qe8 17. Raf1 Nc6 18. Rh3 a5 19. a3 a4 20. Ba2 Ne5 21. Qf2 b4
22. axb4 a3 23. bxa3 Ra8 24. Qh4 h5 25. g4 Nxg4 26. Qxg4 Rxa3 27. Bb3 Bc6 28.
Qh4 Ba4 29. Bxa4 Rxa4 30. Rhf3 Ra8 31. Be7 Rg8 32. Kh1 Ra6 33. b5 Rb6 34. Bf6
Rxb5 35. e5 Kh7 36. Nh3 Bxf6 37. Qxf6 Rb2 38. Ng5+ Kh6 39. Nf7+ Kh7 40. Qg5 Qf8
41. Nd6 Qb8 42. Rf7+ Rg7 43. Rxg7+ Kxg7 44. Rf7+ Kh8 45. Qh6+ Kg8 46. Qg7# 1-0

[Event "?"]
[Site "?"]
[Date "2014.04.16"]
[Round "3.11"]
[White "Vogiatzis, Dimitrios"]
[Black "Götz, Andreas"]
[Result "1/2-1/2"]
[WhiteElo "2107"]
[BlackElo "2116"]
[PlyCount "50"]
[EventDate "2014.??.??"]
[WhiteTeam "SC Noris-Tarrasch Nürnberg 1873"]
[BlackTeam "SC Erlangen 48/88 e.V."]

1. d4 Nf6 2. e3 e6 3. f4 c5 4. Nf3 b6 5. Bd3 Bb7 6. O-O Be7 7. Qe2 Ne4 8. Nbd2
f5 9. g4 O-O 10. g5 Qe8 11. c3 a5 12. Ne5 d6 13. Bb5 Qd8 14. Nxe4 Bxe4 15. Nf3
d5 16. Nd2 cxd4 17. cxd4 Qd6 18. Nxe4 fxe4 19. Bd2 Nc6 20. Rac1 Na7 21. a3 Rfc8
22. Ba6 Rcb8 23. Bb5 Rc8 24. Ba6 Rcb8 25. Bb5 Rc8 1/2-1/2

[Event "?"]
[Site "?"]
[Date "2014.04.16"]
[Round "3.12"]
[White "Leopold, Christian"]
[Black "Brenner, Christian"]
[Result "1-0"]
[WhiteElo "2060"]
[BlackElo "2064"]
[PlyCount "95"]
[EventDate "2014.??.??"]
[WhiteTeam "SV Lauf a.d.P."]
[BlackTeam "Spvg Zabo-Eintracht Nürnberg e.V"]

1. e4 e5 2. Bc4 Nf6 3. d3 Nc6 4. Nc3 Na5 5. Qf3 Nxc4 6. dxc4 Be7 7. Nge2 O-O 8.
O-O d6 9. h3 c6 10. Rd1 Qc7 11. b3 Be6 12. Ng3 Rfd8 13. Nf5 Bf8 14. Bg5 Be7 15.
Nxe7+ Qxe7 16. Rd3 h6 17. Bxf6 Qxf6 18. Qxf6 gxf6 19. Rad1 Kf8 20. Rxd6 Rxd6
21. Rxd6 Ke7 22. Rd1 Rg8 23. Kf1 f5 24. Re1 f4 25. f3 h5 26. Rd1 Rg3 27. Kf2
Rg8 28. c5 h4 29. b4 Rc8 30. a4 Bc4 31. a5 f6 32. Na4 Be6 33. Nb2 Rg8 34. Ra1
a6 35. Rd1 f5 36. exf5 Bxf5 37. Nc4 Kf6 38. Rd6+ Be6 39. Nd2 Ke7 40. Ne4 Rg7
41. Rd2 Bc8 42. Nd6 Rg8 43. Re2 Kf6 44. Ke1 Rf8 45. Rd2 Ke7 46. Kf2 Rg8 47. Nc4
Be6 48. Nxe5 1-0

[Event "?"]
[Site "?"]
[Date "2014.04.16"]
[Round "3.13"]
[White "Kroneder, Christian"]
[Black "Pidtoptanyy, Igor"]
[Result "1/2-1/2"]
[WhiteElo "2059"]
[BlackElo "1989"]
[PlyCount "168"]
[EventDate "2014.??.??"]
[WhiteTeam "SK Schwanstetten 79 e.V."]
[BlackTeam "SW Nürnberg Süd e.V."]

1. e4 e6 2. d4 d5 3. Nd2 c5 4. exd5 exd5 5. Ngf3 Nc6 6. Bb5 a6 7. Be2 Nf6 8.
O-O Be7 9. dxc5 Bxc5 10. Nb3 Be7 11. Nfd4 O-O 12. Bf3 Ne5 13. Be2 Qc7 14. h3
Bd7 15. Bg5 Rfe8 16. Nd2 Ne4 17. Be3 Rad8 18. N2f3 Nc4 19. Bc1 Bf6 20. c3 Ne5
21. Nxe5 Bxe5 22. Be3 Bf6 23. Bf3 Be5 24. Rc1 b5 25. Qb3 Bf4 26. Rfe1 Bxe3 27.
Rxe3 Nd2 28. Rxe8+ Bxe8 29. Qd1 Ne4 30. Qe2 Bc6 31. Rd1 Re8 32. Qc2 g6 33. Qd3
Ng5 34. Nxc6 Nxf3+ 35. Qxf3 Qxc6 36. Rxd5 Re1+ 37. Kh2 Qc7+ 38. g3 Qe7 39. Rd2
Kg7 40. Qd5 Qf6 41. Kg2 Qe7 42. Qd4+ Kg8 43. Qd8+ Kg7 44. Qxe7 Rxe7 45. Rd6 Re2
46. Rxa6 Rxb2 47. a4 bxa4 48. Rxa4 Rc2 49. Rc4 Kf6 50. h4 h5 51. Rc7 Ke6 52.
Kf3 Ra2 53. Ke3 f6 54. Rc6+ Kf5 55. f3 Rg2 56. Rc5+ Ke6 57. Kf4 Kd6 58. Ra5 Rc2
59. Ra6+ Ke7 60. Rc6 Rh2 61. Rc7+ Ke6 62. Rg7 Rc2 63. Rxg6 Rxc3 64. Rh6 Rc4+
65. Ke3 Rc5 66. Rh7 Re5+ 67. Kf2 Ra5 68. Kg2 Rf5 69. Rb7 Rc5 70. Rh7 Rf5 71. g4
hxg4 72. fxg4 Rb5 73. h5 Rg5 74. Kf3 f5 75. gxf5+ Kxf5 76. Rh6 Rg8 77. Rb6 Kg5
78. Rb5+ Kh6 79. Kf4 Rg7 80. Rf5 Rg8 81. Rf7 Rg1 82. Rf5 Rf1+ 83. Ke5 Rxf5+ 84.
Kxf5 Kxh5 1/2-1/2

[Event "?"]
[Site "?"]
[Date "2014.04.16"]
[Round "3.14"]
[White "Friedrich, Michael"]
[Black "Rausch, Wolfgang sr"]
[Result "0-1"]
[WhiteElo "1656"]
[BlackElo "1888"]
[PlyCount "102"]
[EventDate "2014.??.??"]
[WhiteTeam "SC Erlangen 48/88 e.V."]
[BlackTeam "SC Noris-Tarrasch Nürnberg 1873"]

1. Nf3 d5 2. c4 d4 3. d3 c5 4. g3 Nc6 5. Bg2 e5 6. O-O Bd6 7. Nbd2 Nf6 8. Re1
O-O 9. Ng5 Qc7 10. Nge4 Nxe4 11. Nxe4 Be7 12. f4 f6 13. e3 exf4 14. exf4 Re8
15. a3 Be6 16. Bd2 Qd7 17. Nf2 f5 18. Rb1 Rab8 19. b4 Bf7 20. bxc5 Bxc5 21.
Rxe8+ Qxe8 22. Rb5 b6 23. a4 a6 24. Rb1 a5 25. Qf3 Nb4 26. Re1 Qxa4 27. Re5 g6
28. g4 Bd6 29. Re2 Re8 30. Rxe8+ Qxe8 31. Qd1 Qe6 32. g5 Kg7 33. Qb1 Qe2 34.
Qb2 Bc5 35. Bc1 Nc2 36. Bf1 Qe1 37. Qxc2 a4 38. Qxa4 Qxc1 39. Qd1 Qxf4 40. Nh3
Qe3+ 41. Nf2 Qxg5+ 42. Bg2 Qe3 43. Kf1 g5 44. Qa4 Kh6 45. Qc6+ Bg6 46. Bf3 Qf4
47. h3 Qd6 48. Qa8 Kg7 49. Bd5 Qf8 50. Kg2 Qxa8 51. Bxa8 Kf6 0-1

[Event "?"]
[Site "?"]
[Date "2014.04.16"]
[Round "3.15"]
[White "Schlötterer, Hermann"]
[Black "Korth, Manfred"]
[Result "0-1"]
[WhiteElo "1944"]
[BlackElo "1904"]
[PlyCount "140"]
[EventDate "2014.??.??"]
[WhiteTeam "Spvg Zabo-Eintracht Nürnberg e.V"]
[BlackTeam "SC Heideck-Hilpoltstein"]

1. d4 d5 2. g3 Bf5 3. Bg2 c6 4. c4 e6 5. Nc3 Nf6 6. Nf3 h6 7. O-O Be7 8. Nd2
O-O 9. h3 Nbd7 10. Qb3 Qb6 11. Qxb6 Nxb6 12. c5 Nbd7 13. b4 e5 14. dxe5 Nxe5
15. Bb2 Ned7 16. Nb3 Bh7 17. Rac1 Rac8 18. Rfd1 Rfd8 19. a4 Ne8 20. Nxd5 cxd5
21. Bxd5 Rc7 22. Na5 Rb8 23. Nxb7 Nef6 24. Bf3 Be4 25. Bxf6 Nxf6 26. Bxe4 Nxe4
27. Rc4 Nxf2 28. Kxf2 Rbxb7 29. Rd5 Kf8 30. b5 Ke8 31. Re4 Kf8 32. Rc4 Rb8 33.
c6 Rd8 34. Rxd8+ Bxd8 35. Kf3 Ke8 36. Ke4 Re7+ 37. Kd3 Bb6 38. e4 Kd8 39. Kc3
Ba5+ 40. Kd4 Kc7 41. Rc1 Re6 42. Rf1 f6 43. g4 Bb6+ 44. Kd3 a6 45. a5 Bxa5 46.
Ra1 Bb6 47. bxa6 Re8 48. Ra2 Kxc6 49. Ra1 Ra8 50. Kc4 Be3 51. Ra3 Bf4 52. h4
Bd6 53. Ra2 Bg3 54. h5 Be5 55. Ra3 Kb6 56. Kd5 Rxa6 57. Rb3+ Kc7 58. g5 Rd6+
59. Kc4 hxg5 60. h6 gxh6 61. Kc5 h5 62. Ra3 Rc6+ 63. Kd5 Rb6 64. Ra7+ Rb7 65.
Ra6 h4 66. Rc6+ Kd7 67. Ra6 h3 68. Rc6 h2 69. Rc1 g4 70. Rc7+ Bxc7 0-1

[Event "?"]
[Site "?"]
[Date "2014.04.16"]
[Round "4.1"]
[White "Seibold, Hubert"]
[Black "Wagner, Florian"]
[Result "1/2-1/2"]
[WhiteElo "2163"]
[BlackElo "2189"]
[PlyCount "84"]
[EventDate "2014.??.??"]
[WhiteTeam "SK Zirndorf e.V."]
[BlackTeam "SC Noris-Tarrasch Nürnberg 1873"]

1. d4 d5 2. Nf3 Nf6 3. Bf4 e6 4. e3 Bd6 5. Bxd6 cxd6 6. c4 dxc4 7. Bxc4 O-O 8.
O-O a6 9. Bd3 b5 10. Nbd2 Bb7 11. Rc1 Nbd7 12. Bb1 e5 13. e4 exd4 14. Nxd4 Nc5
15. Nf5 Re8 16. b4 Ne6 17. Nb3 Bxe4 18. Nxd6 Bd5 19. Nxe8 Qxe8 20. f4 Rd8 21.
Qe1 Bc4 22. Rf2 Qf8 23. Bf5 Nc7 24. Nc5 g6 25. Bb1 Re8 26. Qc3 Ncd5 27. Qd4 Ng4
28. Rff1 Bxf1 29. Rxf1 Nge3 30. Re1 Qg7 31. Qxg7+ Kxg7 32. Nxa6 Ra8 33. Nc7 Ra4
34. Nxd5 Nxd5 35. Re5 Nxf4 36. Rxb5 Ne2+ 37. Kf2 Nc3 38. Ra5 Rxb4 39. Bd3 Rb2+
40. Kf3 Rxa2 41. Rxa2 Nxa2 42. Ke4 Nb4 1/2-1/2

[Event "?"]
[Site "?"]
[Date "2014.04.16"]
[Round "4.2"]
[White "Miller, Eduard"]
[Black "Ederer, Rene"]
[Result "1-0"]
[WhiteElo "2094"]
[BlackElo "2116"]
[PlyCount "79"]
[EventDate "2014.??.??"]
[WhiteTeam "SC Erlangen 48/88 e.V."]
[BlackTeam "SC Noris-Tarrasch Nürnberg 1873"]

1. e4 e5 2. Nf3 Nc6 3. Bc4 Bc5 4. b4 Bxb4 5. c3 Ba5 6. d4 exd4 7. Qb3 Qe7 8.
O-O dxc3 9. Nxc3 Bxc3 10. Qxc3 f6 11. Ba3 d6 12. Bd5 Qd7 13. e5 fxe5 14. Ng5
Nf6 15. Bf7+ Kf8 16. f4 e4 17. Bb3 Nd8 18. Rac1 Qc6 19. Qd4 Qb6 20. Bc5 dxc5
21. Qxd8+ Ne8 22. Bf7 Be6 23. Nxe6+ Qxe6 24. Qxa8 Kxf7 25. Qxb7 Qxa2 26. Qxe4
Qe6 27. Qxe6+ Kxe6 28. Rfe1+ Kd7 29. Rxc5 Rf8 30. g3 Nd6 31. Ra5 Ra8 32. Rea1
Kc6 33. Rxa7 Rxa7 34. Rxa7 Kb6 35. Ra8 c5 36. Kf2 c4 37. Ke3 Kc5 38. Kd2 Ne4+
39. Kc2 Nf6 40. Ra7 1-0

[Event "?"]
[Site "?"]
[Date "2014.04.16"]
[Round "4.3"]
[White "Kotz, Reinhard"]
[Black "Erlbeck, Peter"]
[Result "1/2-1/2"]
[WhiteElo "2180"]
[BlackElo "2091"]
[PlyCount "35"]
[EventDate "2014.??.??"]
[WhiteTeam "SV Puschendorf 1949 e.V."]
[BlackTeam "SW Nürnberg Süd e.V."]

1. f4 e5 2. fxe5 d6 3. exd6 Bxd6 4. Nf3 g5 5. d4 g4 6. Ne5 Bxe5 7. dxe5 Qxd1+
8. Kxd1 Nc6 9. Nc3 Be6 10. Bf4 O-O-O+ 11. Ke1 Nge7 12. e3 h6 13. Bb5 Nb4 14.
Ba4 Ng6 15. Rf1 a6 16. a3 Nd5 17. Nxd5 Bxd5 18. Bb3 1/2-1/2

[Event "?"]
[Site "?"]
[Date "2014.04.16"]
[Round "4.4"]
[White "Just, Hannes"]
[Black "Reis, Gerhard"]
[Result "1/2-1/2"]
[WhiteElo "2137"]
[BlackElo "2202"]
[PlyCount "72"]
[EventDate "2014.??.??"]
[WhiteTeam "SW Nürnberg Süd e.V."]
[BlackTeam "SW Nürnberg Süd e.V."]

1. e4 c5 2. b3 Nf6 3. e5 Nd5 4. Bb2 Nc6 5. Nf3 d6 6. Bb5 Bd7 7. exd6 e6 8. O-O
Nf6 9. d4 Nxd4 10. Nxd4 cxd4 11. Bxd7+ Qxd7 12. Qxd4 Qxd6 13. Qh4 Be7 14. Na3
O-O 15. Nc4 Qc5 16. a4 Qf5 17. Ne3 Qg6 18. Qc4 Rac8 19. Qb5 Qe4 20. a5 Rc5 21.
Qa4 Qg6 22. Ba3 Rc7 23. Bxe7 Rxe7 24. Rad1 h5 25. Qb4 Rc7 26. Qd4 a6 27. Qb6
Rfc8 28. Rd4 Nd5 29. Nxd5 exd5 30. Rxd5 Rxc2 31. Rd6 Qe4 32. Rd7 Rc1 33. Rd8+
Kh7 34. Rxc8 Rxc8 35. h3 h4 36. b4 Rc4 1/2-1/2

[Event "?"]
[Site "?"]
[Date "2014.04.16"]
[Round "4.6"]
[White "Hirn, Oskar"]
[Black "Götz, Andreas"]
[Result "1-0"]
[WhiteElo "2229"]
[BlackElo "2116"]
[PlyCount "97"]
[EventDate "2014.??.??"]
[WhiteTeam "SC Noris-Tarrasch Nürnberg 1873"]
[BlackTeam "SC Erlangen 48/88 e.V."]

1. e4 c6 2. d3 d5 3. Nd2 g6 4. c3 Bg7 5. f4 h5 6. Ngf3 Na6 7. Be2 Qc7 8. Nb3
Qb6 9. h3 h4 10. a4 Nf6 11. a5 Qc7 12. Ng5 Nh5 13. Bxh5 Rxh5 14. O-O f6 15. Nf3
dxe4 16. dxe4 Be6 17. Nfd4 Bf7 18. f5 g5 19. Ne6 Bxe6 20. Qxh5+ Bf7 21. Qd1 Bc4
22. Re1 Qd6 23. Nd4 O-O-O 24. b3 Be6 25. Ba3 Qg3 26. Qe2 c5 27. Nc6 Rd7 28.
Rad1 Bxb3 29. Nxa7+ Kc7 30. Nb5+ Kd8 31. Rb1 Bf7 32. Red1 Be8 33. c4 Kc8 34.
Qf2 Qxf2+ 35. Kxf2 Rxd1 36. Rxd1 Bf7 37. Rc1 Bf8 38. Nc3 e6 39. fxe6 Bxe6 40.
Nd5 f5 41. Re1 f4 42. Kf3 Nb8 43. Bb2 Nc6 44. Bf6 Nd4+ 45. Kf2 g4 46. hxg4 Bxg4
47. Rh1 h3 48. gxh3 Bf3 49. Rg1 1-0

[Event "?"]
[Site "?"]
[Date "2014.04.16"]
[Round "4.7"]
[White "Willim, Michael"]
[Black "Rausch, Wolfgang jr"]
[Result "1/2-1/2"]
[WhiteElo "2141"]
[BlackElo "2149"]
[PlyCount "38"]
[EventDate "2014.??.??"]
[WhiteTeam "SC Erlangen 48/88 e.V."]
[BlackTeam "SV Lauf a.d.P."]

1. g3 e5 2. c4 c6 3. d4 e4 4. Nc3 f5 5. h4 Nf6 6. Nh3 Bb4 7. Qb3 Na6 8. Bg5 d6
9. a3 Ba5 10. Nf4 Qb6 11. Qxb6 Bxc3+ 12. bxc3 axb6 13. Bxf6 gxf6 14. Bh3 Nc7
15. Kd2 Ra4 16. Ng2 Kf7 17. Ne3 Kg6 18. Kc2 Be6 19. Rhb1 b5 1/2-1/2

[Event "?"]
[Site "?"]
[Date "2014.04.16"]
[Round "4.8"]
[White "Zhao, Kevin"]
[Black "Leopold, Christian"]
[Result "0-1"]
[WhiteElo "1867"]
[BlackElo "2060"]
[PlyCount "76"]
[EventDate "2014.??.??"]
[WhiteTeam "SC Erlangen 48/88 e.V."]
[BlackTeam "SV Lauf a.d.P."]

1. e4 d6 2. d4 Nf6 3. Nc3 e5 4. Nf3 Nbd7 5. Bc4 Be7 6. O-O O-O 7. Be3 c6 8. a4
Nxe4 9. Nxe4 d5 10. dxe5 dxe4 11. Nd2 Nxe5 12. Bb3 Bf5 13. Re1 Re8 14. Bf4 Ng6
15. Bg3 Bc5 16. Nc4 Qf6 17. c3 Rad8 18. Qc1 Rd7 19. Ne3 Ne5 20. Bc2 Bg6 21. b4
Bf8 22. Qb1 Nd3 23. Ng4 Qxc3 24. Bxd3 Rxd3 25. Ne5 Rxe5 26. Bxe5 Qxe5 27. Qxd3
Qxa1 28. Qxe4 Bxe4 29. Rxa1 Bxb4 30. Rd1 Bd5 31. Rb1 a5 32. f3 Kf8 33. Kf2 Ke7
34. g4 Kd6 35. h4 Kc5 36. Rc1+ Bc4 37. Rd1 b5 38. axb5 cxb5 0-1

[Event "?"]
[Site "?"]
[Date "2014.04.16"]
[Round "4.9"]
[White "Zühlke, Burkhard"]
[Black "Surinya, Tibor"]
[Result "1/2-1/2"]
[WhiteElo "2087"]
[BlackElo "2063"]
[PlyCount "45"]
[EventDate "2014.??.??"]
[WhiteTeam "SK Zirndorf e.V."]
[BlackTeam "SC Noris-Tarrasch Nürnberg 1873"]

1. d4 Nf6 2. c4 e6 3. Nc3 Bb4 4. Qc2 c5 5. dxc5 O-O 6. a3 Bxc5 7. Nf3 b6 8. Bg5
Be7 9. e4 d6 10. Rd1 Ne8 11. Bf4 a6 12. Be2 Nd7 13. O-O Qc7 14. Rfe1 Bb7 15.
Bf1 Ne5 16. Nd2 Rc8 17. Rc1 h6 18. Bg3 Nf6 19. Qd1 Rfd8 20. h3 Nfd7 21. Qe2 Ng6
22. Bh2 Bg5 23. Rcd1 1/2-1/2